000
00222 a2200097 4500
001
15643
100
_a
Fazali Rehana Tabbossum
245
_a
Mazaameen Wa Tebsera
260
_a
_b
Writer s Combine
_c
090
_c
12210
_d
12210
942
_a
NUST-CAE
_c
M
_c
2460
999
_c
250716
_d
250716